00000000nam##2200000za#4500
0019.639611
003CaOODSP
00520240314152355
007cr |||||||||||
008150407|2010||||xxc|||||o    f|0| 0 fre|d
020 |a978-1-100-98539-8
040 |aCaOODSP|bfre
043 |an-cn---
0861 |aPS4-94/2010F-PDF
1101 |aCanada. |bSécurité publique Canada.
24510|aApproches de surveillance axée sur la résolution des problèmes face aux fraudes en matière de valeurs mobilières / |h[ressource électronique]
260 |aOttawa - Ontario : |bSécurité publique Canada |c2010.
300 |a70p.|bfigures
500 |a«Rapport n° 002, 2010»--p. 1 de 70.
504 |aBibliographie.
590 |a12-05-Supp|b2012-03-02
7201 |aLinden, Rick
7201 |aSchneider, Stephen
77508|tProblem-oriented policing approaches to securities fraud / |w(CaOODSP)9.695475
85640|ahttp://publications.gc.ca|qPDF|s729 Ko|uhttps://publications.gc.ca/collections/collection_2012/sp-ps/PS4-94-2010-fra.pdf